000 00488nam a2200181Ia 4500
001 18887
003 GE_BSU
008 181216s||||||||xx |||||||||||||| ||und||
040 _cGE_BSU
245 _aФармация. №3.том 65. 2016
245 _bнаучно -практический журнал
245 _cГл. ред.И.А.Самылина
260 _aМосква
260 _c2016
300 _a56стр,28см
653 _aФармация. №3.2016
942 _cCR
999 _c51887
_d51887